000 00849nam a2200205 i 4500
001 165535
003 ES-MaACL
005 20250930063146.0
008 931025s1732 sp |||| | spa d
100 0 _aSolís, Antonio de,
_d1610-1686
_9107210
245 1 0 _aVarias poesias sagradas y profanas /
_cque dexò escritas (aunque no juntas, ni retocadas) don Antonio de Solis y Ribadeneyra ... ; recogidas y dadas á luz por Don Juan de Goyeneche.
260 _aEn Madrid :
_bpor Manuel Fernandez, impressor de libros y a su costa ...,
_c1732.
300 _a[12], 350 p., [2] en bl. ;
_c4º.
597 _aSign.: Sign.:[ ]4, ¶², A-Y8.
597 _aPort. con orla tip.
597 _aAntep.
700 1 _aGoyeneche, Juan de,
_dca. 1656-1735
_959413
852 _aES-MaACL
_jR-1182
_z-- Enc. piel
_x G-8356
999 _c165535
_d165535